A first course in mathematical modeling

Αποθηκεύτηκε σε:
Λεπτομέρειες βιβλιογραφικής εγγραφής
Κύριος συγγραφέας: Giordano, Frank R.
Άλλοι συγγραφείς: Weir, Maurice D., Fox, William P. 1949-
Μορφή: Βιβλίο
Γλώσσα:English
Δημοσίευση: Australia : Thomson Brooks/Cole, c2003
Έκδοση:3rd ed.
Θέματα:
Ετικέτες: Προσθήκη ετικέτας
Δεν υπάρχουν, Καταχωρήστε ετικέτα πρώτοι!

MARC

LEADER 00000nam a2200000 i 4500
001 1/71705
008 080122s2003 eng d
020 |a 0-534-38428-5 
035 |l 10093967 
040 |a GR-MY-UA  |b gre  |e aacr 
041 0 |a eng 
082 0 |a 511.8  |2 (22) 
100 1 |a Giordano, Frank R. 
245 1 2 |a A first course in mathematical modeling /  |c Frank R.Giordano, Maurice D.Weir, William P.Fox 
250 |a 3rd ed. 
260 |a Australia :   |b Thomson Brooks/Cole,   |c c2003 
300 |a xiv, 538 σ.;  |b εικ.;  |c 24 εκ.+  |e 1 οπτική δισκέτα λέϊζερ Η/Υ (4 3/4 ίν.) 
504 |a Περιλαμβάνει βιβλιογραφίες και ευρετήριο 
650 0 0 |a Mathematical models. 
700 1 |a Weir, Maurice D. 
700 1 |a Fox, William P.  |d 1949- 
852 |a INST  |b SYROS  |e 20080122  |h 511.8 GIO  |p 005500006700  |q 005500006700  |t BK  |y 0 
852 |a INST  |b SYROS  |e 20080122  |h 511.8 GIO   |p 005500006701  |q 005500006701  |t BK  |y 0 
901 |a BIBL5-2008-1 
909 |a Ε  |b 140706 
909 |a Ε  |b 133415 
922 |a 5ΕΛΗ  |b 200711  |c ΕΠΕΑΕΚ2/ΤΜΣΠΣ  |d ΠΑΠΣΩΤΗΡΙΟΥ 
970 |a ΚΟΝΤΟΥ  |b ΠΑΡΑΣΚΕΥΗ  |z 2008/01/22